00246 a2200109 4500001000700000040003500007100002300042240003000065245002500095300000700120362000900127156336 cEscola São Tomás de Aquino aMACHADO, Ana Maria10aO jogo do vira- viralpor10aO jogo do vira- vira a330 a2009